000 00803cam a2200265 a 4500
001 17227950
003 OSt
005 20160421124733.0
008 120327s2012 enkab 001 0 eng d
010 _a 2011276798
016 7 _a015898920
_2Uk
020 _a9780199603831
020 _a0199603839
035 _a(OCoLC)ocn754720565
040 _aSEKU
042 _alccopycat
050 0 0 _aJF 1351
_b.P6
100 1 _aPollitt, Christopher.
245 1 0 _aNew perspectives on public services :
_bplace and technology /
_cChristopher Pollitt.
260 _aOxford ;
_aNew York :
_bOxford University Press,
_c2012.
300 _axvii, 247 p. :
_bill., maps ;
_c24 cm.
504 _aIncludes bibliographical references (p. 210-229) and index.
650 0 _aPublic administration.
942 _2lcc
_cGEN
999 _c12917
_d12917